000 00733nam a22001817a 4500
003 UA-OsUOA
001 15051
007 ta
008 20031029b un ||||| |||| 00| 0 ukr d
100 _aНарсія І.
942 _cSA
040 _aUA-OsUOA
_cUA-OsUOA
_dUA-OsUOA
245 _aЗ пропискою на ночліг не приймають
_b[Бесіда з дир. Рівнен. від-ня з надання допомоги у нічлігу і харчуванню особам, які не мають постійного житла]/Спілкувалась О.Доля
300 _aС.1
955 _a0
773 0 _w0
_tОго
_dРівне
_d2003
_g№67/11 квіт./
650 7 _aКраєзнавча робота
_2UDC
999 _c301216
_d301216